000 00424nam a2200145Ia 4500
003 OSt
005 20260123100554.0
008 211028s2016 xx 000 0 und d
040 _cAIMIT LIBRARY
041 _aeng
100 _aCardozo, Leon Savio; Kamath, T Ramesh.
_g1416033
_97456
245 _aPromotional plan for suzuki ciaz at maruti suzuki verna /
260 _aMangalore
_bT Ramesh Kamath.
_c2016
942 _2ddc
_cPRO
999 _c219024
_d219024